All Stations served by Empire Builder on a Map - Statistics

General Stats
  • This quiz has been taken 33 times
  • The average score is 18 of 46
Answers on the Map
Answers color-coded by a green-red scale on the quiz's map according to % correct below.
 
Answer Stats
Station % Correct
Chicago Union
96%
King Street
96%
Milwaukee
92%
Portland
92%
Fargo
85%
Spokane
85%
Saint Paul
81%
Vancouver
73%
Grand Forks
62%
St. Cloud
62%
Everett
58%
Minot
58%
La Crosse
54%
Pasco
50%
Havre
46%
Sandpoint
42%
Wenatchee
42%
Williston
42%
Wisconsin Dells
38%
Winona
35%
Glasgow
31%
Leavenworth
31%
Whitefish
31%
Detroit Lakes
27%
Red Wing
27%
Bingen– White Salmon
23%
Edmonds
23%
Tomah
23%
Columbus
19%
Devils Lake
19%
Glenview
19%
Libby
19%
Malta
19%
Portage
19%
Rugby
19%
Shelby
19%
Stanley
19%
Staples
19%
West Glacier
19%
Wolf Point
19%
Cut Bank
15%
Essex
15%
Browning
12%
East Glacier Park
8%
Ephrata
8%
Wishram
8%
No matching quizzes found
Score Distribution
Percent of People with Each Score
Percentile by Number Answered
Your Score History
You have not taken this quiz